| 000 | 00849caa a22002417a 4500 | ||
|---|---|---|---|
| 999 |
_c410754 _d410754 |
||
| 001 | 123606 | ||
| 003 | UA-OsUOA | ||
| 005 | 20200112001604.0 | ||
| 007 | ta | ||
| 008 | 20170627b un ||||| |||| 00| 0 ukr d | ||
| 040 |
_aUA-OsUOA _bukr _cUA-OsUOA _dUA-OsUOA |
||
| 041 | _aukr | ||
| 080 | _a908 | ||
| 090 |
_a908 _bР83 |
||
| 100 | _aРуй О. | ||
| 245 |
_a1917–1918 роки в спогадах острожанина Сергія Мілієвича Рафальського (1896–1931) _cО. Руй |
||
| 300 | _aС. 116–120 | ||
| 650 | 7 |
_a908 Краєзнавство _2UDC |
|
| 773 | 0 |
_0384074 _9408052 _dОстрог НаУОА 2012 _o142053 _tОстрозький краєзнавчий збірник _w(UA-OsUOA) 97837 |
|
| 942 |
_cBKA _2udc |
||
| 955 | _a1 | ||